| 000 | 00626nam a2200205 u 4500 | ||
|---|---|---|---|
| 005 | 20240911064308.0 | ||
| 008 | 150805s1999 r 000 0 eng d | ||
| 022 | _a11385669 | ||
| 035 | _aUPN01000204867 | ||
| 049 | _aCG | ||
| 050 | 4 |
_aQ181 _bR4.8 |
|
| 245 | 0 | 0 |
_aRevista de estudios del curriculum : _bdidáctica de ciencia / _cOscar Barberá ... [et al.] |
| 260 |
_aBarcelona, Esp. : _bPomares-Corredor, _c1999. |
||
| 300 | _a184 p. | ||
| 440 | 0 |
_aRevista de estudios del currículum ; _v2 |
|
| 650 | 4 |
_aCiencia _xEstudio y enseñanza _96354 |
|
| 700 | 1 |
_aBarberá, Oscar, _ecolab. |
|
| 905 | _aLibro | ||
| 999 |
_c176968 _d176968 |
||